000 00830cab a2200253 4500
001 ABS58009
008 090401t1997 xxu||||| |||| 00| 0 eng d
035 _a(Sirsi) u82743
041 _aeng
100 _aJackson, R.
245 _aSimplifying the complex
260 _c1997
350 _a0
490 _aSolicitors` Journal
_vSupplement 141(47) 12 December 1997, 23(1)
520 _aOverview of the role of the expert witness in litigation, citing the need for objective, reliable and credible evidence as key aims.
650 _aDISPUTE RESOLUTION
_96236
650 _aEVIDENCE
650 _aEXPERT WITNESS
_96239
650 _aLITIGATION
650 _aROLE
690 _aMANAGEMENT-DISPUTE AVOIDANCE, MANAGEMENT AND RESOLUTION-DISPUTE MANAGEMENT AND RESOLUTION-ARBITRATION
942 _n0
948 _c17/12/1997
999 _c52259
_d52259